Wszystkie przystanki tramwajowe linii numer 2 we Wrocławiu - Statystyki

Ogólne statystyki
  • Ten quiz został rozwiązany 35 razy
  • Średni wynik to 17 z 24
Statystyki odpowiedzi
Hint Odpowiedź % Poprawnych
6 Zoo
95%
13 Galeria Dominikańska
91%
18 Wielka
91%
1 Biskupin Biskupin
86%
15 Dworzec Główny
86%
24 Krzyki
86%
19 Rondo
86%
16 Arkady Capitol
82%
21 Hallera
82%
7 Hala Stulecia
77%
12 Urząd Wojewódzki
77%
14 Wzgórze Partyzantów
77%
8 Kliniki
73%
23 Orla
73%
9 pl. Grunwaldzki
73%
10 Reja
73%
11 Katedra
68%
20 Sztabowa
68%
5 Tramwajowa
68%
22 Jastrzębia
64%
4 Chełmońskiego
50%
3 Piramowicza
50%
2 Spółdzielcza
36%
17 Zaoziańska
18%
Nie znaleziono quizów pasujących do podanych kryteriów
Rozkład punktacji
Procent ludzi z każdym wynikiem
Percentyl według liczby udzielonych odpowiedzi
Twoja historia wyników
Nie rozwiązałeś tego quizu